Numerical approach in Agricultural Engineering with objective (Record no. 14830)
[ view plain ]
| 000 -LEADER | |
|---|---|
| fixed length control field | 00408nam a22001577a 4500 |
| 003 - CONTROL NUMBER IDENTIFIER | |
| control field | OSt |
| 008 - FIXED-LENGTH DATA ELEMENTS--GENERAL INFORMATION | |
| fixed length control field | 240119b |||||||| |||| 00| 0 eng d |
| 020 ## - INTERNATIONAL STANDARD BOOK NUMBER | |
| ISBN | 9789327253696 |
| 041 ## - LANGUAGE CODE | |
| Language code of text/sound track or separate title | eng |
| 082 ## - DEWEY DECIMAL CLASSIFICATION NUMBER | |
| Classification number | 630.162 |
| Item number | SAN/NU |
| 100 ## - MAIN ENTRY--AUTHOR NAME | |
| Personal name | Sanjay Kumar |
| 245 ## - TITLE STATEMENT | |
| Title | Numerical approach in Agricultural Engineering with objective |
| 250 ## - EDITION STATEMENT | |
| Edition statement | 3rd rev. |
| 260 ## - PUBLICATION, DISTRIBUTION, ETC. (IMPRINT) | |
| Place of publication | Ludhiana |
| Name of publisher | Kalyani Publishers |
| Year of publication | 2015 |
| 942 ## - ADDED ENTRY ELEMENTS (KOHA) | |
| Koha item type | Books |
| Withdrawn status | Lost status | Damaged status | Collection code | Home library | Current library | Shelving location | Date acquired | Source of acquisition | Cost, normal purchase price | Full call number | Accession Number | Koha item type |
|---|---|---|---|---|---|---|---|---|---|---|---|---|
| KAUAET | KAUAET | General Stacks | 24/03/2017 | Penta Book Distributors | 425.00 | 630.162 SAN/NU | 25184 | Books | ||||
| KAUAET | KAUAET | General Stacks | 24/03/2017 | Penta Book Distributors | 425.00 | 630.162 SAN/NU | 25185 | Books | ||||
| General Books | KAUAET | KAUAET | General Stacks | 24/03/2023 | Aman book stall,calicut | 495.00 | 630.162 SAN/NU | 26122 | Books | |||
| General Books | KAUAET | KAUAET | General Stacks | 24/03/2023 | Aman book stall,calicut | 495.00 | 630.162 SAN/NU | 26123 | Books | |||
| General Books | KAUAET | KAUAET | General Stacks | 24/03/2023 | Aman book stall,calicut | 495.00 | 630.162 SAN/NU | 26124 | Books |
